| 000 | 00646pam a2200229 a 4500 | ||
|---|---|---|---|
| 001 | 3505464 | ||
| 005 | 20260318100111.0 | ||
| 008 | 950510s1996 ilua b 001 0 eng | ||
| 020 | _a0256174725 | ||
| 020 | _a9780256174724 | ||
| 050 | 0 | 0 |
_aHD31 _b.W713 1996 |
| 082 | 0 | 0 |
_a658 _220 |
| 100 | 1 | _aWright, Patrick M. | |
| 245 | 1 | 0 |
_aManagement of organizations / _cPatrick M. Wright, Raymond A. Noe. |
| 260 |
_aChicago : _bIrwin, _cc1996. |
||
| 300 |
_a1 v. (various pagings) : _bcol ill. : _c27 cm. |
||
| 650 | 0 | _aManagement. | |
| 650 | 0 | _aOrganization. | |
| 650 | 0 | _aIndustrial management. | |
| 700 | 1 | _aNoe, Raymond A. | |
| 942 |
_2lcc _cBK _n0 |
||
| 999 |
_c9093 _d9093 |
||